21st international conference on microelectronics, Miel 93. 29th symposium on devices and materials,SD 93 /

Uložené v:
Podrobná bibliografia
Ďalší autori: Ostredkar, Radko (Zostavovateľ, kompilátor), Hrovat, Marko (xxx)
Médium: Kniha
Jazyk:Croatian
Vydavateľské údaje: Ljubljana : MIDEM, 1993
Vydanie:1.vyd.
Tagy: Pridať tag
Žiadne tagy, Buďte prvý, kto otaguje tento záznam!

MARC

LEADER 00000nam a22000003a 4500
001 stu4657
005 20150617225810.2
008 931015s1993----sl------------------scr-d
020 |a 961-90001-1-0 
040 |a STU  |b slo 
041 0 |a scr 
044 |a sl 
080 |a 621.382.049.7 
100 1 |a Ostredkar, Radko  |4 com 
245 1 |a 21st international conference on microelectronics, Miel 93. 29th symposium on devices and materials,SD 93 /  |c Edit.: Ostredkar,Radko; Hrovat,Marko 
250 |a 1.vyd. 
260 |a Ljubljana :  |b MIDEM,  |c 1993 
300 |a 350 s 
700 1 |a Hrovat, Marko  |4 xxx 
996 |b EZ-326  |c E*Z-326  |l EE11  |s P  |a 0  |w stu4657_0001